| 000 | 00741nam a2200205 i 4500 | ||
|---|---|---|---|
| 001 | 148182 | ||
| 003 | ES-MaACL | ||
| 005 | 20250814064905.0 | ||
| 007 | t| | ||
| 008 | 070214s1963 sp r ||||1| spa d | ||
| 100 | 1 |
_aStamp, Laurence Dudley. _9107880 |
|
| 245 | 1 | 0 |
_aGeografía comercial / _cLaurence Dudley Stamp ; traducción de Manuel Heredero Higueras ; actualización y redacción de textos especiales de Francisco Cortada Reus. |
| 260 |
_aBarcelona : _bLabor, _c1963. |
||
| 300 |
_aXVI, 462 p. : _bil. ; _c23 cm. |
||
| 650 | 0 | 7 |
_aGeografía comercial _2embne _913075 |
| 700 | 1 |
_aHeredero Higueras, Manuel. _962685 |
|
| 700 | 1 |
_aCortada Reus, Francisco. _940810 |
|
| 852 |
_aES-MaACL _jC-24032 _bR.52723 |
||
| 999 |
_c148182 _d148182 |
||